000
00298nam a22001337a 4500
008
180922b xxu||||| |||| 00| 0 eng d
020
_a
9780132559225
041
_a
eng
080
_2
4th
_a
610
100
_a
4
101
_a
SHM
245
_a
Medical Law and Ethics
_c
Fremgen, B.F
942
_2
udc
_c
BK
999
_c
48268
_d
48268